000 00966nam a22003137a 4500
003 CHAP
005 20220329140053.0
008 971013s1972 r 00010 d
010 _a46507
011 _a47479
035 _a51621
040 _cCHAP
082 _a574.1072
_bT4
100 0 0 _aThornburn, C. C.
_9112962
245 _aIsotopes and radiation in biology
260 _aLondon :
_bBulterworths,
_c1972
300 _a287 p.
_b: gráfs.
590 _aBATCH-UPD
_b10
_c20130110
_lUCH01
_h0253
590 _aBATCH-UPD
_b10
_c20130110
_lUCH01
_h2159
590 _aBATCH-UPD
_b10
_c20130409
_lUCH01
_h2323
590 _aBATCH-UPD
_b10
_c20130410
_lUCH01
_h1507
590 _aBATCH-UPD
_b10
_c20130914
_lUCH01
_h1952
590 _aCONVERSION
_b10
_c20130109
_lUCH01
_h1325
650 1 4 _aRadiobiología.
_993697
650 1 4 _aTrazadores (Biología)
_9114724
901 _aBK
942 _cLIBRO
949 _a574.1072 T4
_bBC
_cLIBRO
_d33724000458659
_eLIBRO
_h41094
_i51621
_si
999 _c46507
_d46507